[Event "East Devon op"]
[Site "Exeter"]
[Date "2009.03.08"]
[Round "5"]
[White "White, Ernest Michael"]
[Black "Annetts, Ivor S"]
[Result "1-0"]
[WhiteElo "1864"]
[BlackElo "1736"]
[PlyCount "120"]
[EventDate "2009.03.06"]
[EventType "swiss"]
[EventRounds "5"]
[EventCountry "ENG"]
[SourceTitle "EXT 2011"]
[Source "ChessBase"]
[SourceDate "2010.11.26"]
[SourceVersion "1"]
[SourceVersionDate "2010.11.26"]
[SourceQuality "1"]

1. e4 c5 2. Nc3 Nc6 3. g3 g6 4. Bg2 Bg7 5. d3 e5 6. Nge2 d6 7. Be3 Nge7 8. Qd2 Nd4 9. Ng1 Qa5 10. f4 Bd7 11. Kf2 Bc6 12. Nh3 f5 13. Rhd1 h6 14. Kg1 Qb4 15. Rab1 Qb6 16. Re1 0-0-0 17. Nd1 Qc7 18. c3 Ne6 19. b4 b6 20. Qc2 d5 21. bxc5 Nxc5 22. fxe5 dxe4 23. d4 Nd3 24. Rf1 Bd5 25. Nb2 Bxa2 26. Ra1 Nd5 27. Nxd3 Nxe3 28. Qxa2 Nxf1 29. Qa6+ Kb8 30. Ndf4 Ne3 31. Ne6 Qe7 32. Nxd8 Rxd8 33. Nf4 g5 34. Ng6 Qb7 35. Qe2 Nxg2 36. Kxg2 Qc7 37. Qa6 Qb7 38. Qxb7+ Kxb7 39. Ne7 Rf8 40. Rf1 f4 41. Ng6 f3+ 42. Kf2 Kc6 43. Ke3 Kd5 44. h4 Kc4 45. Nxf8 Bxf8 46. hxg5 hxg5 47. Kxe4 g4 48. d5 a5 49. d6 a4 50. Kf4 a3 51. Kxg4 a2 52. Kxf3 Kxc3 53. Kg4 Kd4 54. Ra1 Kxe5 55. d7 Be7 56. Rxa2 Kd6 57. Rd2+ Kc7 58. Kf4 Kd8 59. Kf5 b5 60. g4 b4 1-0